The story of St. Paul's life and letters. (Record no. 5187)

000 -LEADER
fixed length control field 00561nam a2200181 a 4500
001 - CONTROL NUMBER
control field :::00002928$&:&@@
003 - CONTROL NUMBER IDENTIFIER
control field OkBaRHE
005 - DATE AND TIME OF LATEST TRANSACTION
control field 20000607103258.0
008 - FIXED-LENGTH DATA ELEMENTS--GENERAL INFORMATION
fixed length control field s1917 j 000 0 eng u
040 ## - CATALOGING SOURCE
Transcribing agency
100 1# - MAIN ENTRY--PERSONAL NAME
Personal name Smyth, J. Paterson.
245 14 - TITLE STATEMENT
Title The story of St. Paul's life and letters.
260 ## - PUBLICATION, DISTRIBUTION, ETC. (IMPRINT)
Place of publication, distribution, etc New York, NY., :
Name of publisher, distributor, etc James Pott & Co.
Date of publication, distribution, etc c1917
300 ## - PHYSICAL DESCRIPTION
Extent 223 p. : illus. ;
Dimensions 20 cm.
650 ## - SUBJECT ADDED ENTRY--TOPICAL TERM
Topical term or geographic name as entry element Paul, Saint, apostle
942 ## - ADDED ENTRY ELEMENTS (KOHA)
Source of classification or shelving scheme
Koha item type Books
Copies
Barcode Full call number Not for loan Withdrawn status Date acquired Source of classification or shelving scheme Date last seen Copy number Price effective from Permanent Location Shelving location Koha item type Lost status Damaged status
2928BS 2505 .S64  2010-04-14 2018-03-1612010-04-14RHEMA Bible Training CollegeGeneral StacksBooks